000 00223nam a22000857a 4500
008 161207b xxu||||| |||| 00| 0 eng d
100 _91938
_aSundararajan. s
245 _aMaths ahead - 7
260 _aNew delhi
_bOrient Logmen
_c2007
999 _c4717
_d4717